000 00714nam a2200289Ia 4500
005 20260324122107.0
008 008 260324s9999 xx 000 0 eng d
020 _a9780203101780
037 _aEBOOK
040 _aCRL
040 _beng
040 _cCRL
041 _2eng
041 _aeng
084 _qCRL
100 _aStephen Sterling; Larch Maxey; Heather Luna; Sara Parkin OBE
_91165090
245 4 _aThe Sustainable University
245 0 _bProgress and prospects
260 _bTaylor and Francis
260 _c2013
365 _a
365 _b240
856 _uhttp://www.taylorfrancis.com/books/9780203101780
942 _cEBOOK
999 _c1757586
_d1757586